Statistics for 高速タイピングA-Z

Click here to take the quiz!

General Stats

  • This quiz has been taken 2,234 times
  • The average score is 19 of 26

Answer Stats

答え% Correct
A
96%
B
90%
D
90%
E
89%
C
88%
F
85%
G
83%
H
83%
I
83%
J
80%
K
78%
L
75%
O
75%
Q
75%
M
73%
N
72%
P
72%
R
71%
S
69%
T
67%
U
65%
W
64%
Y
58%
V
55%
X
53%
Z
51%

Score Distribution

Percentile by Number Answered

Percent of People with Each Score

Your Score History

You have not taken this quiz